| 000 | 00529nam a2200169 i 4500 | ||
|---|---|---|---|
| 001 | 24518 | ||
| 003 | ES-MaACL | ||
| 005 | 20230906153051.0 | ||
| 007 | t| | ||
| 008 | 021217s1978 sp ||||1| spa d | ||
| 100 | 1 |
_aAparicio, Rosa. _922055 |
|
| 245 | 1 | 0 |
_aDimensiones éticas de la enseñanza _b: un estudio desde la sociología a la cultura / _cRosa Aparicio y Andrés Tornos. |
| 260 |
_aMadrid : _bMarova, _c1978. |
||
| 300 |
_a204 p. ; _c18 cm. |
||
| 700 | 1 |
_aTornos, Andrés. _9110672 |
|
| 852 |
_aES-MaACL _jA-8575 _bR.97620 |
||
| 999 |
_c24518 _d24518 |
||